Statistics for Countries Closest to Cambodia

Click here to take the quiz!

General Stats

  • This quiz has been taken 207 times
  • The average score is 18 of 20

Answer Stats

kmcountrymiles% Correct
0Laos0
99%
0Vietnam0
99%
773China480
99%
0Thailand0
99%
405Malaysia252
98%
768Indonesia477
98%
324Myanmar201
97%
1090India678
96%
998Singapore620
94%
1606Taiwan998
93%
2060Nepal1280
92%
1943Japan1207
92%
1141Philippines709
91%
1330Bangladesh827
91%
1805Bhutan1122
89%
2337Sri Lanka1452
87%
2789South Korea1733
86%
1111Brunei690
83%
2988Timor-Leste1857
83%
3001Palau1864
57%

Score Distribution

Percentile by Number Answered

Percent of People with Each Score

Your Score History

You have not taken this quiz